Statistiques concernant Meilleur pays au hockey (sur glace)

Cliquez ici pour prendre le quiz!

Statistiques générales

  • Ce quiz a été pris 1 057 fois
    (914 depuis la dernière actualisation)
  • Le résultat moyen est 9 sur 12

Statistiques - réponses

Réponse% Correct
Canada
100%
États-Unis
97%
Finlande
90%
Suède
90%
Russie
85%
Allemagne
80%
Suisse
78%
Norvège
75%
Slovaquie
65%
Tchéquie
60%
Danemark
58%
Lettonie
57%

Distribution des résultats

Percentile par nombre de réponses

% des personnes avec chaque résultat

Votre développement - résultats

Vous n’avez pas pris ce quiz depuis la dernière actualisation